Un programa mundial de investigación: una perspectiva Sur-Norte
Enregistré dans:
| Format: | Livre |
|---|---|
| Langue: | espagnol |
| Publié: |
Ottawa
C.I.I.D
1990
|
| Collection: | Colección búsqueda, 1
|
| Sujets: | |
| Tags: |
Ajouter un tag
Pas de tags, Soyez le premier à ajouter un tag!
|
MARC
| LEADER | 00000nam a2200000 a 4500 | ||
|---|---|---|---|
| 001 | UCW4875 | ||
| 003 | CL-VaPUC | ||
| 008 | 900904e19900000CN |||||||||||||||||spa|d | ||
| 082 | 0 | 4 | |a 600 |b PRO |2 21 |
| 245 | 1 | 3 | |a Un programa mundial de investigación: una perspectiva Sur-Norte |
| 300 | |a 44 p | ||
| 942 | |c BK | ||
| 945 | |d 19900904 00:00:00 | ||
| 260 | |a Ottawa |b C.I.I.D |c 1990 | ||
| 650 | 0 | |a Investigación científica |9 259857 | |
| 650 | 0 | |a Protección del medio ambiente |9 257626 | |
| 583 | |a last modification |c 19900904 00:00:00 |k Rodrigo Vera | ||
| 490 | 0 | |a Colección búsqueda, 1 | |
| 999 | |c 218461 |d 218459 | ||
| 952 | |0 0 |1 0 |4 0 |6 600_000000000000000_PRO_1990 |7 0 |8 P |9 208086 |a BIBEDU |b BIBEDU |c BIBEDU_PB |d 2019-11-15 |i 2759594 |o 600 PRO 1990 |p 2759594 |r 2024-01-25 |w 2019-11-15 |y BK |k EDU | ||